000 00636cam a22002293a 4500
001 26601
003 PGUSA
005 20140828083556.0
008 080912s2008||||xxu|||||s|||||000 | eng d
040 _aPGUSA
_beng
042 _adc
050 4 _aHE
100 1 _aMelville, Frederick John,
_d1882-1940
245 1 0 _aGambia
_h[electronic resource] /
_cFrederick John Melville
260 _bProject Gutenberg,
_c2008
506 _aPublic domain in the USA.
516 _aElectronic text
653 _aPostage stamps -- Gambia
830 0 _aProject Gutenberg
_v26601
856 4 0 _uhttp://www.gutenberg.org/ebooks/26601
942 _cEB
999 _c255856
_d255856